000
00340pab a2200145 454500
008
180718b1990 xxu||||| |||| 00| 0 eng d
100
_a
Jain, Hemchand
245
_a
Land Reforms & eighth five year plan
260
_c
1990
300
_a
30-4
362
_a
Dec.
650
_a
Land Tenure - India
773
_a
Kurukshetra
909
_a
12299
999
_c
12299
_d
12299